| 000 | 02251nam a22004097a 4500 | ||
|---|---|---|---|
| 003 | KnowledgeUnlatched | ||
| 005 | 20210303104749.0 | ||
| 006 | m o d | ||
| 007 | cr u|||||||||| | ||
| 008 | 210129p20202020xx o u00| u eng d | ||
| 037 | _5BiblioBoard | ||
| 245 | 0 | 0 |
_aEIB Working Papers 2020/04 - Making a difference _bAssessing the impact of the EIB's funding to SMEs / _cEuropean Investment Bank, Áron Gereben, Marcin Wolski, Raschid Amamou. _nVolume 2020/4 |
| 020 | _a9789286145834 | ||
| 024 | 8 | _ahttps://doi.org/10.2867/440965 | |
| 029 | 1 | _ahttps://library.biblioboard.com/ext/api/media/3062e74f-00dc-4e16-aada-feced4fa122e/assets/thumbnail.jpg | |
| 040 |
_aScCtBLL _cScCtBLL |
||
| 506 | 0 |
_aAccess copy available to the general public. _fUnrestricted _2star |
|
| 700 | 1 |
_aEuropean Investment Bank _eeditor. |
|
| 700 | 1 |
_aGereben, Áron _eauthor. |
|
| 700 | 1 |
_aWolski, Marcin _eauthor. |
|
| 700 | 1 |
_aAmamou, Raschid _eauthor. |
|
| 264 | 1 | _bEuropean Investment Bank, | |
| 300 | _a1 online resource (1 p.) | ||
| 490 | 1 | _aEIB Working Papers | |
| 520 | _aThis paper investigates the impact of intermediated funding provided by the EIB on the performance of SMEs in the EU between 2008 and 2014. Using statistical analysis of firm-level data, it finds that EIB lending had a positive effect on employment, firm size, investment and innovation capacity, and also increased firms' leverage. The impact of EIB funding was higher in the countries of Central and Eastern Europe and also in Southern Europe, while somewhat smaller, yet still significant, in West and North Europe. | ||
| 588 | 0 | _aDescription based on print version record. | |
| 590 | _aKU Open Services | ||
| 650 | 7 |
_aBusiness & Economics / Finance _2bisacsh |
|
| 650 | 0 | _aEconomics | |
| 655 | 0 | _aElectronic books. | |
| 758 |
_iIs found in: _aKnowledge Unlatched _1https://openresearchlibrary.org/module/2774bc74-146a-484f-a7ba-ab1d6a09bbfb |
||
| 830 | 0 | _aEIB Working Papers | |
| 856 | 4 | 0 |
_uhttps://openresearchlibrary.org/content/3062e74f-00dc-4e16-aada-feced4fa122e _zView this content on Open Research Library. _70 |
| 999 |
_c32560 _d32560 |
||